00773nam a2200265 4500003000400000005001700004008004100021020001500062040001800077041000800095050001600103100002400119245008000143264003900223300003500262336002200297337002400319338002400343490003000367500003500397650001300432650002600445650002100471650001500492OSt20260530115255.0260506b1987 sp a|||| |||| 00| 0 spa d a8432956120 aICIbspacICI aspa 4aHE9723bC671 aCosta, Joan,eautor10aSenalética :bde la senalización al diseño de programas /cJoan Costa 1aBarcelona :bEdiciones CEAC,c1987 a256 páginas :bilustraciones atexto2rdacontent asin medio2rdamedia avolumen2rdacarrier0 aEnciclopedia del diseño aLibro FUNDAMENTAL del Tema !!! 4aCarteles 4aComunicación visual 4aArtes gráficas 4aSímbolos